Central Library OPAC University of Rajshahi

Electronic computers / (Record no. 6227)

MARC details
000 -LEADER
fixed length control field 00832cam a2200301 4500
001 - CONTROL NUMBER
control field 6227
003 - CONTROL NUMBER IDENTIFIER
rucl marc code BD-RjUL
005 - DATE AND TIME OF LATEST TRANSACTION
control field 20211208234217.0
008 - FIXED-LENGTH DATA ELEMENTS--GENERAL INFORMATION
fixed length control field 140109s1970 enkaf b 001 0 eng d
020 ## - INTERNATIONAL STANDARD BOOK NUMBER
International Standard Book Number 0140205241
035 ## - SYSTEM CONTROL NUMBER
System control number (BD-RjUL)6267
040 ## - CATALOGING SOURCE
Original cataloging agency DLC
Transcribing agency DLC
Modifying agency DLC
-- (BD-RjUL)
Language of cataloging eng
041 ## - LANGUAGE CODE
Language code of text/sound track or separate title eng
082 00 - DEWEY DECIMAL CLASSIFICATION NUMBER
Classification number 651.8
Author mark and year HOE
100 1# - MAIN ENTRY--PERSONAL NAME
Personal name Hollingdale, S. H.
9 (RLIN) 19581
245 10 - TITLE STATEMENT
Title Electronic computers /
Statement of responsibility, etc. [by] S. H. Hollingdale and G. C. Tootill.
250 ## - EDITION STATEMENT
Edition statement Revised ed.
260 ## - PUBLICATION, DISTRIBUTION, ETC. (IMPRINT)
Place of publication, distribution, etc. Harmondsworth /
Name of publisher, distributor, etc. Penguin,
Date of publication, distribution, etc. 1970.
300 ## - PHYSICAL DESCRIPTION
Pagination 377 p.,
Illustrations illus.
Size 19 cm.
350 ## - PRICE (NR) (BK AM CF MU VM SE) [OBSOLETE]
Price 10/-
490 0# - SERIES STATEMENT
Series statement Pelican books
504 ## - BIBLIOGRAPHY, ETC. NOTE
Bibliography, etc Bibliography: p. 362-[364].
650 #0 - SUBJECT ADDED ENTRY--TOPICAL TERM
Topical term or geographic name as entry element Computers.
9 (RLIN) 19582
700 1# - ADDED ENTRY--PERSONAL NAME
Personal name Tootill, G. C.,
Relator term joint author.
942 ## - ADDED ENTRY ELEMENTS (KOHA)
Source of classification or shelving scheme Dewey Decimal Classification
Koha item type Books
Holdings
Lost status Source of classification or shelving scheme Damaged status Not for loan Collection code Permanent Location Current Location Shelving location Date acquired Source of acquisition Cost, normal purchase price Total Checkouts Full call number Date last seen Copy number Koha item type
  Dewey Decimal Classification     Non-fiction Central Library, University of Rajshahi Central Library, University of Rajshahi   13/10/1970 Sweets & Zeitlinger 16.00   651.8 HOE 1970 09/01/2014 C-3 Books
  Dewey Decimal Classification     Non-fiction Central Library, University of Rajshahi Central Library, University of Rajshahi   13/10/1970 Sweets & Zeitlinger 16.00   651.8 HOE 1970 27/08/2016 C-2 Books
  Dewey Decimal Classification     Non-fiction Central Library, University of Rajshahi Central Library, University of Rajshahi   13/10/1970 Sweets & Zeitlinger 16.00   651.8 HOE 1970 27/08/2016 C-4 Books